مقاربات نقدية في شعرنا المعاصر / (رقم التسجيلة. 28232)
[ عرض عادي ]
| 000 -الفاتح | |
|---|---|
| حقل البيانات ثابتة الطول | 00761nam a2200193 a 4500 |
| 003 - محدد رقم الضبط | |
| رقم الضبط | OSt |
| 005 - وقت وتاريخ اخر تعامل مع التسجيلة | |
| رقم الضبط | 20150408114120.0 |
| 008 - عناصر البيانات ثابتة الطول - معلومات عامة | |
| حقل البيانات ثابتة الطول | 130224s2013 ly g b f000 0 ara d |
| 020 ## - الرقم الدولى المعيارى للكتب | |
| الرقم الدولى المعيارى للكتاب | 9789959255846 |
| 040 ## - مصدر الفهرسة | |
| وكالة الفهرسة الأصلية | Ma-Un |
| 082 04 - رقم تصنيف ديوى العشرى | |
| رقم التصنيف | 811.91751 |
| رقم المادة | ز س م |
| رقم الطبعة | 21 |
| 100 1# - المدخل الرئيسى - إسم شخصى | |
| 9 (RLIN) | 21628 |
| الإسم الشخصى | زايد، سليمان. |
| 245 10 - بيان العنوان | |
| العنوان | مقاربات نقدية في شعرنا المعاصر / |
| بيان المسئوليه,etc | سليمان زايد. |
| 260 ## - PUBLICATION, DISTRIBUTION, ETC. (IMPRINT) | |
| مكان الناشر او الموزع | طرابلس، ليبيا : |
| اسم الناشر او الموزع | وزارة الثقافة والمجتمع المدني، |
| تاريخ النشر أو التوزيع | 2013 |
| -- | [1434] |
| 300 2# - الوصف المادى | |
| التعداد | 190 ص. ؛ |
| أبعاد الوعاء | 20 سم. |
| 504 ## - تبصرة ببليوجرافية | |
| تبصرة ببليوجرافية,الخ | يشتمل على إرجاعات ببليوجرافية. |
| 650 #7 - المدخل الاضافى بالموضوع-مصطلح موضوعى | |
| مصطلح موضوعي أو اسم جغرافي كعنصر مدخل | الشعر العربي |
| التقسيم الفرعي الجغرافي | البلاد العربية |
| التقسيم الفرعي العام | تاريخ ونقد |
| التقسيم الفرعي الزمني | قرن 20 |
| مصدر الرأس أو المصطلح | aucsh |
| 9 (RLIN) | 21806 |
| 942 ## - عناصر المدخل الإضافي( كوها) | |
| مصدر التصنيف او مخطط الترفيف | Dewey Decimal Classification |
| Koha [default] item type | كتاب |
| حالة الفقد | نموذج السعر الفعال | حالة تلف | ليس للاعارة | رقم الطلب | رقم النسخة | تاريخ الاكتساب | الموقع الحالي | الباركود | الفرع الرئيسي | Date last seen | نوع المادة فى نظام كوها | مصدر التصنيف او خطة الترفيف | Total Checkouts |
|---|---|---|---|---|---|---|---|---|---|---|---|---|---|
| 2013-03-23 | Not For Loan | 811.91751 ز س م | 1 | 2013-03-23 | المكتبة المركزية بالمجمعة (CL) | 00203413 | المكتبة المركزية بالمجمعة (CL) | 2013-03-23 | كتاب | Dewey Decimal Classification | |||
| 2013-03-23 | 811.91751 ز س م | 2 | 2013-03-23 | المكتبة المركزية بالمجمعة (CL) | 00203414 | المكتبة المركزية بالمجمعة (CL) | 2013-03-23 | كتاب | Dewey Decimal Classification | ||||
| 2013-03-23 | 811.91751 ز س م | 3 | 2013-03-23 | المكتبة المركزية بالمجمعة (CL) | 00203415 | المكتبة المركزية بالمجمعة (CL) | 2013-03-23 | كتاب | Dewey Decimal Classification | ||||
| 2013-03-23 | Not For Loan | 811.91751 ز س م | 1 | 2013-03-23 | مكتبة مجمع الكليات بالزلفى - طلاب (SZM) | 00201764 | مكتبة مجمع الكليات بالزلفى - طلاب (SZM) | 2013-03-23 | كتاب | Dewey Decimal Classification | |||
| 2013-03-23 | 811.91751 ز س م | 2 | 2013-03-23 | مكتبة مجمع الكليات بالزلفى - طلاب (SZM) | 00201763 | مكتبة مجمع الكليات بالزلفى - طلاب (SZM) | 2013-03-23 | كتاب | Dewey Decimal Classification |
